Movies Quiz

Random Movies or Famous Quiz

Hero and Villain Actors Quiz Stats

 Plays Quiz Updated Feb 18, 2019

Support Sporcle.
Go Orange.
Score 0/22 Timer 05:00
0 Plays Today
'Good Guy' Role (Film) Actor/Actress % Correct
Wiliam Thatcher (A Knight's Tale - 2001)Heath Ledger
92.5%
Frank Serpico (Serpico - 1973)*Al Pacino
91.2%
Batman (The Dark Knight - 2008)Christian Bale
89.3%
Garrett Breedlove (Terms of Endearment - 1983)Jack Nicholson
86.3%
Austin Powers (Austin Powers: International Man of Mystery - 1997)Mike Myers
86.2%
John Quincy Adams (Amistad - 1997)Anthony Hopkins
82.3%
Private Trip (Glory - 1989)Denzel Washington
79.2%
Jack T. Colton (Romancing the Stone - 1984)Michael Douglas
76.9%
Jack Ryan (Clear and Present Danger - 1994)Harrison Ford
71.3%
The Terminator (Terminator 2: Judgment Day - 1991)*Arnold Schwarzenegger
70.8%
Frodo (The Lord of the Rings: The Fellowship of the Ring - 2001)Elijah Wood
70.7%
'Good Guy' Role (Film) Actor/Actress % Correct
Mr. Furious (Mystery Men - 1999)Ben Stiller
67.9%
Evelyn Couch (Fried Green Tomatoes - 1991)Kathy Bates
62.7%
Rick Blaine (Casablanca - 1942)*Humphrey Bogart
62.5%
Alexander Dane/Dr. Lazarus (Galaxy Quest - 1999)Alan Rickman
58.7%
Kathryn Bennett (Air Force One - 1997)Glenn Close
58%
Atticus Finch (To Kill a Mockingbird - 1962)*Gregory Peck
56.6%
Josh Birdwell (Friendly Persuasion - 1956)Anthony Perkins
46.5%
Eglantine Price (Bedknobs and Broomsticks - 1971)Angela Lansbury
32.8%
Tom Joad (The Grapes of Wrath - 1940)*Henry Fonda
32.6%
Apple Annie (Pocketful of Miracles - 1961)Bette Davis
29.7%
Ezra Lieberman (The Boys from Brazil - 1978)Laurence Olivier
21.5%

From the Vault

Logo Painting

by goc3

Do we need to paint you a picture?
Remove Ads.
Support Sporcle.
Get the best of Sporcle when you Go Orange. This ad-free experience offers more features, more stats, and more fun while also helping to support Sporcle. Thank you for becoming a member.

Show Comments

Extras

Top Quizzes Today


Score Distribution

Your Account Isn't Verified!

In order to create a playlist on Sporcle, you need to verify the email address you used during registration. Go to your Sporcle Settings to finish the process.

Report this User

Report this user for behavior that violates our Community Guidelines.

Details: